Представление документа в формате RUSMARC

ПолеНазваниеЗначение
  Тип записи a
  Библиографический уровень m
001 Контрольный номер RU/CBS_UL/BASE/64645ffbb284453f9b10cbce3346f97b
005 Дата корректировки 20260210164021.3
010 Индекс ISBN __
d Цена 55 к.
9 Тираж экз.
100 Данные общей обработки __
a Данные общей обработки 20260210d 0rusy0189## ca
101 Язык документа 0_
a Язык текста rus
102 Страна публикации __
a Страна публикации RU
200 Заглавие и сведения об ответственности 1_
a Заглавие В мире ориентиров
f Первые сведения об ответственности А. Е. Меньчуков
205 Сведения об издании __
a Основные сведения об издании 6-е изд., перераб. и доп.
210 Выходные данные 1_
a Место издания Москва
c Издательство Недра
d Дата издания 1986
215 Физическое описание __
a Объем 269 с.
c Иллюстрации/тип воспроизводства ил.
d Формат см.
225 Серия 2_
a Серия Научно-популярная библиотека школьника
300 Общие примечания __
a Общие примечания 12+
300 Общие примечания __
a Общие примечания Под инв. номером 20498: 3-1, 9н-1, 18-1
606 Тематические рубрики 0_
a Основная рубрика Картография
610 Ключевые слова 0_
a Ключевые слова ориентирование; ориентиры; ориентиры природные; ориентирование на местности; ориентирование по солнцу; ориентирование в лесу
686 Индексы других классификаций __
2 Код системы rubbk
a Классификационный индекс 26.1
700 Автор _1
a Фамилия Меньчуков
b Имя (инициалы) А. Е.
g Полное личное имя Александр Евгеньевич
801 Источник записи _0
a Страна RU
b Организация МБУК ЦБС г. Ульяновска
c Дата составления 20260210
g Правила каталогизации RCR
801 Источник записи _1
a Страна RU
b Организация МБУК ЦБС г. Ульяновска
c Дата составления 20260210
g Правила каталогизации RCR
852 Данные о местонахождении __
i Авторский знак М 51
j Шифр хранения 26.1
901 Тип документа __
t Тип документа m
909 Создатель записи __
a Создатель записи obr5
b Дата создания записи 20260210